Statistiques concernant Vainqueurs des Game Awards

Cliquez ici pour prendre le quiz!

Statistiques générales

  • Ce quiz a été pris 15 fois
  • Le résultat moyen est 5 sur 7

Statistiques - réponses

HintRéponse% Correct
2018God of War
100%
2017The Legend of Zelda : Breath of the Wild
86%
2020The Last of Us : Part 2
79%
2015The Witcher 3 : Wild Hunt
71%
2019Sekiro : Shadows Dies Twice
64%
2016Overwatch
57%
2014Dragon Age : Inquisiton
50%

Distribution des résultats

Percentile par nombre de réponses

% des personnes avec chaque résultat

Votre développement - résultats

Vous n’avez pas pris ce quiz